000 00388cam a2200157ua 4500
003 OSt
008 240203b |||||||| |||| 00| 0 eng d
020 _a0176 9340
041 _aeng
082 _a631.4
_bSTE/AD
100 _aStewart, B A .
_9451
245 _aAdvances in soil science vol-12 /
260 _aNew York :
_bSpringer Verlag ,
_c1985.
300 _a222 ; .
942 _cBK
999 _c10038
_d10038